000 01198cam a2200337 i 4500
001 41666
003 Mx-PuUPA
005 20250303110746.0
008 140415s2019 mx a gr 000 0 spa d
020 _a9786078577057
040 _aMx-PuUPA
_bspa
_cMx-PuUPA
_dMx-PuUPA
_erda
041 0 _aspa
100 1 _a
245 1 0 _a35 frases que tus padres no quieren responder /
_cRoldrigo del Val Martín
250 _aPrimera edición /
_bmarzo
264 1 _aMéxico :
_bRodrigo del Val Martín,
_c©2019
300 _a260 páginas :
_bilustraciones, tablas ;
_c23 cm
336 _2rdacontent
_atexto
_btxt
337 _2rdamedia
_asin medio
_bn
338 _2rdacarrier
_avolumen
_bnc
650 7 _913986
_2armarc
_aAdolescentes
_xOrientación sexual
650 7 _2armarc
_aSexualidad
_xEducación para la vida familiar
650 7 _2armarc
_aAdolescentes
_xEducación sexual
650 7 _2armarc
_aRelaciones sexuales
_xAspectos sociales
650 7 _2armarc
_aMasturbación
942 _2ddc
_cLI
_h306.760835
_iV35
999 _c41666
_d41666